| 000 | 00606aam a2200229 4500 | ||
|---|---|---|---|
| 005 | 20161116184143.0 | ||
| 008 | 150407b xxu||||| |||| 00| 0 spa d | ||
| 041 | _aspa | ||
| 082 | _a657 S648m | ||
| 100 |
_aSoldevila, Pilar _931960 |
||
| 100 |
_aOliveras, Ester _931961 |
||
| 245 | _aManual de contabilidad general | ||
| 260 |
_aEspaña _bGestión 2000 _c2001 |
||
| 300 | _a478 páginas | ||
| 650 |
_aCONTABILIDAD _92655 |
||
| 650 |
_aCICLO CONTABLE _92689 |
||
| 650 |
_aACTIVO CIRCULANTE _968 |
||
| 650 |
_aCUENTAS _914766 |
||
| 650 |
_aACTIVOS FIJOS _969 |
||
| 650 |
_aPASIVOS _92668 |
||
| 942 | _cBK | ||
| 999 |
_c4226 _d4226 |
||